000 00760nam a2200205Ia 4500
003 GCL
005 20240530101849.0
008 140319s9999 xx 000 0 ara d
040 _aGCL /
_cGCL
082 0 4 _a953.07393
_bق/ج ع
100 1 _aجوزيف نسيم يوسف
245 1 0 _aالعدوان الصليبى على مصر :
_bهزيمة لويس التاسع فى المنصورة وفارسكور /
_cجوزيف نسيم يوسف
250 _aط2
260 _aالاسكندرية :
_bدار المعرفة الجامعية ،
_c1969
300 _a415 ص:
_bايض ؛
_c24 سم
650 0 4 _aالتاريخ الاسلامى
650 0 4 _aالحروب الصليبية فى مصر
650 0 4 _aالدولة الايوبية
942 _2ddc
_cBK
999 _c28274
_d28274